Test de rapidité - 4 Lettres - Statistiques

Statistiques générales
  • Ce quiz a été pris 584 fois
  • Le résultat moyen est 55 sur 60
Statistiques - réponses
Rapide tu seras % Correct
Caca
99%
Caca
98%
Caca
98%
Caca
97%
Caca
97%
Caca
96%
Caca
96%
Caca
96%
Caca
96%
Caca
96%
Caca
96%
Caca
95%
Caca
95%
Caca
95%
Caca
95%
Caca
95%
Caca
95%
Caca
95%
Caca
95%
Caca
94%
Caca
94%
Caca
94%
Caca
94%
Caca
93%
Caca
93%
Caca
93%
Caca
93%
Caca
93%
Caca
93%
Caca
92%
Caca
92%
Caca
92%
Caca
92%
Caca
92%
Caca
91%
Caca
91%
Caca
91%
Caca
91%
Caca
91%
Caca
90%
Caca
90%
Caca
90%
Caca
89%
Caca
89%
Caca
89%
Caca
88%
Caca
88%
Caca
88%
Caca
87%
Caca
86%
Caca
86%
Caca
85%
Caca
85%
Caca
85%
Caca
85%
Caca
84%
Caca
84%
Caca
84%
Caca
83%
Caca
83%
Aucun quiz correspondant
Distribution des résultats
% des personnes avec chaque résultat
Percentile par nombre de réponses
Votre historique - résultats
Vous n’avez pas pris ce quiz